000 00529nam a2200217Ia 4500
003 GCL
008 140319s9999 xx 000 0 eng d
040 _aGCL /
_cGCL
082 0 4 _a305.3
_bB G
100 1 _aBELL, DIANE
245 1 0 _aGENDERED FIELDS: WOMEN, MEM AND ETHNOGRAPHY /
_cBELL, DIANE
700 1 _aCAPLAN
260 _a[S.N] :
_bROUTLEDGE ،
_c1992
300 _a260 P
650 0 4 _aWOMEN
650 0 4 _aETHNOLOGY
650 0 4 _aFEMINIST THERAPY
650 0 4 _aSEX ROLE
650 0 4 _aFEMINIST
942 _2ddc
_cBK
999 _c21270
_d21270